Kursus komprehensif KBSM : PMR geografi

Bibliographic Details
Main Author: Oh, K.N
Format: Book
Published: Petaling Jaya : Pustaka Delta Pelajaran Sdn.Bhd. , 1995
Subjects:

MARC

LEADER 00000cam a2200000 7i4500
001 0000006110
002 000006600
005 20000330.0
020 |a 9676720283 
090 0 0 |a 910   |b OHK 
100 1 |a Oh, K.N 
245 1 0 |a Kursus komprehensif KBSM :   |b PMR geografi   |c K.N Oh dan R.Kumar 
260 |a Petaling Jaya :   |b Pustaka Delta Pelajaran Sdn.Bhd. ,   |c 1995 
300 |a 485p. ;   |c 26cm. 
650 0 0 |a Geography   |x PMR 
999 |a 038264   |b BUKU   |c RUJUKAN   |e PERPUSTAKAAN KOMUNITI PETALING JAYA 
999 |a 038265   |b BUKU   |c PINJAMAN   |e PERPUSTAKAAN KOMUNITI PETALING JAYA